000 00698cam a22002177a 4500
020 _a9781848212916
020 _a1848212917
040 _cBTCTA
082 0 4 _a620 IST 2011 C147 Or.
245 0 0 _aFatigue of materials and structures ;
_bapplication to design and damage /
260 _aLondon :
_bISTE ;
_aHoboken, NJ :
_bWiley,
_c2011.
300 _axiii, 344 p. :
_bill. ;
_c24 cm.
650 0 _aMaterials
650 0 _aMaterials
650 0 _aMicrostructure.
700 1 _aBathias, Claude.
700 1 _aPineau, A.
856 4 2 _uhttp://www.loc.gov/catdir/enhancements/fy1204/2010040728-d.html
856 4 1 _uhttp://www.loc.gov/catdir/enhancements/fy1402/2010040728-t.html
942 _cAEDBB
999 _c18550
_d18550